中华人民共和国主要现行法律 - Statistics

General Stats
  • This quiz has been taken 40 times
  • The average score is 35 of 291
Answer Stats
法律 施行日期 % Correct
刑法 2021/3/1
97%
民法典 2021/1/1
93%
未成年人保护法 2024/4/26
53%
环境保护法 2015/1/1
50%
全国人民代表大会和地方各级人民代表大会选举法 2020/10/18
50%
国家安全法 2015/7/1
47%
劳动法 2018/12/29
43%
道路交通安全法 2021/4/29
43%
食品安全法 2021/4/29
43%
教育法 2021/4/30
40%
反分裂国家法 2005/3/14
37%
治安管理处罚法 2013/1/1
37%
证券投资基金法 2015/4/24
37%
水法 2016/9/1
37%
农业法 2013/1/1
33%
刑事诉讼法 2018/10/26
33%
公务员法 2019/6/1
33%
香港特别行政区基本法 1997/7/1
30%
澳门特别行政区基本法 1999/12/20
30%
铁路法 2015/4/24
30%
国歌法 2017/10/1
30%
建筑法 2019/4/23
30%
国旗法 2021/1/1
30%
专利法 2021/6/1
30%
公司法 2024/7/1
30%
银行业监督管理法 2007/1/1
27%
人民警察警衔条例 2009/8/27
27%
人民警察法 2013/1/1
27%
商业银行法 2015/10/1
27%
电力法 2018/12/29
27%
立法法 2023/3/15
27%
民事诉讼法 2024/1/1
27%
民族区域自治法 2001/2/28
23%
网络安全法 2017/6/1
23%
行政诉讼法 2017/7/1
23%
人民检察院组织法 2019/1/1
23%
人民法院组织法 2019/1/1
23%
反不正当竞争法 2019/4/23
23%
土地管理法 2020/1/1
23%
证券法 2020/3/1
23%
香港特别行政区维护国家安全法 2020/6/30
23%
森林法 2020/7/1
23%
能源法 2025/1/1
23%
监察法 2025/6/1
23%
海关关衔条例 2003/2/28
20%
教师法 2009/8/27
20%
劳动合同法 2013/7/1
20%
渔业法 2013/12/28
20%
消费者权益保护法 2014/3/15
20%
注册会计师法 2014/8/31
20%
境外非政府组织境内活动管理法 2017/11/5
20%
个人所得税法 2019/1/1
20%
国防法 2021/1/1
20%
国徽法 2021/1/1
20%
海关法 2021/4/29
20%
民用航空法 2021/4/29
20%
反垄断法 2022/8/1
20%
对外贸易法 2022/12/30
20%
野生动物保护法 2023/5/1
20%
反间谍法 2023/7/1
20%
会计法 2024/7/1
20%
中国人民银行法 2004/2/1
17%
保险法 2015/4/24
17%
税收征收管理法 2015/4/24
17%
律师法 2018/1/1
17%
消防救援衔条例 2018/10/27
17%
义务教育法 2018/12/29
17%
消防法 2021/4/29
17%
行政处罚法 2021/7/15
17%
兵役法 2021/10/1
17%
医师法 2022/3/1
17%
文物保护法 2025/3/1
17%
矿产资源法 2025/7/1
17%
进出境动植物检疫法 2009/8/27
13%
矿山安全法 2009/8/27
13%
邮政法 2015/4/24
13%
反家庭暴力法 2016/3/1
13%
公路法 2017/11/5
13%
英雄烈士保护法 2018/5/1
13%
船舶吨税法 2018/10/26
13%
社会保险法 2018/12/29
13%
高等教育法 2018/12/29
13%
检察官法 2019/10/1
13%
法官法 2019/10/1
13%
城市房地产管理法 2020/1/1
13%
外商投资法 2020/1/1
13%
人民武装警察法 2020/6/21
13%
长江保护法 2021/3/1
13%
动物防疫法 2021/5/1
13%
预防未成年人犯罪法 2021/6/1
13%
著作权法 2021/6/1
13%
人口与计划生育法 2021/8/20
13%
安全生产法 2021/9/1
13%
科学技术进步法 2022/1/1
13%
印花税法 2022/7/1
13%
妇女权益保障法 2023/1/1
13%
体育法 2023/1/1
13%
畜牧法 2023/3/1
13%
黄河保护法 2023/4/1
13%
行政复议法 2024/1/1
13%
国务院组织法 2024/3/11
13%
保守国家秘密法 2024/5/1
13%
统计法 2024/9/13
13%
科学技术普及法 2024/12/25
13%
反洗钱法 2025/1/1
13%
全国人民代表大会和地方各级人民代表大会代表法 2025/3/12
13%
民营经济促进法 2025/5/20
13%
乡镇企业法 1997/1/1
10%
票据法 2004/8/28
10%
企业破产法 2007/6/1
10%
劳动争议调解仲裁法 2008/5/1
10%
防震减灾法 2009/5/1
10%
归侨侨眷权益保护法 2009/8/27
10%
集会游行示威法 2009/8/27
10%
人民防空法 2009/8/27
10%
传染病防治法 2013/6/29
10%
出境入境管理法 2013/7/1
10%
枪支管理法 2015/4/24
10%
烟草专卖法 2015/4/24
10%
气象法 2016/11/7
10%
电影产业促进法 2017/3/1
10%
仲裁法 2018/1/1
10%
计量法 2018/10/26
10%
旅游法 2018/10/26
10%
城市居民委员会组织法 2018/12/29
10%
村民委员会组织法 2018/12/29
10%
商标法 2019/11/1
10%
台湾同胞投资保护法 2019/12/28
10%
公职人员政务处分法 2020/7/1
10%
退役军人保障法 2021/1/1
10%
全国人民代表大会议事规则 2021/3/12
10%
全国人民代表大会组织法 2021/3/12
10%
草原法 2021/4/29
10%
进出口商品检验法 2021/4/29
10%
契税法 2021/9/1
10%
审计法 2022/1/1
10%
法律援助法 2022/1/1
10%
监察官法 2022/1/1
10%
种子法 2022/3/1
10%
期货和衍生品法 2022/8/1
10%
慈善法 2024/9/5
10%
关税法 2024/12/1
10%
学位法 2025/1/1
10%
学前教育法 2025/6/1
10%
户口登记条例 1958/1/9
7%
领海及毗连区法 1992/2/25
7%
海商法 1993/7/1
7%
香港特别行政区驻军法 1997/7/1
7%
价格法 1998/5/1
7%
专属经济区和大陆架法 1998/6/26
7%
澳门特别行政区驻军法 1999/12/20
7%
个人独资企业法 2000/1/1
7%
国家通用语言文字法 2001/1/1
7%
信托法 2001/10/1
7%
海域使用管理法 2002/1/1
7%
放射性污染防治法 2003/10/1
7%
外国中央银行财产司法强制措施豁免法 2005/10/25
7%
护照法 2007/1/1
7%
合伙企业法 2007/6/1
7%
禁毒法 2008/6/1
7%
企业国有资产法 2009/5/1
7%
驻外外交人员法 2010/1/1
7%
农村土地承包经营纠纷调解仲裁法 2010/1/1
7%
国防动员法 2010/7/1
7%
水土保持法 2011/3/1
7%
居民身份证法 2012/1/1
7%
军人保险法 2012/7/1
7%
国家赔偿法 2013/1/1
7%
监狱法 2013/1/1
7%
国家勋章和国家荣誉称号法 2016/1/1
7%
防洪法 2016/7/2
7%
煤炭法 2016/11/7
7%
公共文化服务保障法 2017/3/1
7%
母婴保健法 2017/11/5
7%
公证法 2018/1/1
7%
核安全法 2018/1/1
7%
中小企业促进法 2018/1/1
7%
水污染防治法 2018/1/1
7%
反恐怖主义法 2018/4/27
7%
人民陪审员法 2018/4/27
7%
精神卫生法 2018/4/27
7%
农民专业合作社法 2018/7/1
7%
烟叶税法 2018/7/1
7%
节约能源法 2018/10/26
7%
公共图书馆法 2018/10/26
7%
大气污染防治法 2018/10/26
7%
港口法 2018/12/29
7%
企业所得税法 2018/12/29
7%
产品质量法 2018/12/29
7%
农村土地承包法 2019/1/1
7%
电子商务法 2019/1/1
7%
土壤污染防治法 2019/1/1
7%
城乡规划法 2019/4/23
7%
行政许可法 2019/4/23
7%
车船税法 2019/4/23
7%
基本医疗卫生与健康促进法 2020/6/1
7%
固体废物污染环境防治法 2020/9/1
7%
档案法 2021/1/1
7%
海警法 2021/2/1
7%
广告法 2021/4/29
7%
乡村振兴促进法 2021/6/1
7%
反外国制裁法 2021/6/10
7%
海南自由贸易港法 2021/6/10
7%
工会法 2022/1/1
7%
家庭教育促进法 2022/1/1
7%
陆地国界法 2022/1/1
7%
反有组织犯罪法 2022/5/1
7%
青藏高原生态保护法 2023/9/1
7%
海洋环境保护法 2024/1/1
7%
爱国主义教育法 2024/1/1
7%
突发事件应对法 2024/11/1
7%
国籍法 1980/9/10
3%
外交特权与豁免条例 1986/9/5
3%
缔结条约程序法 1990/12/28
3%
中国人民解放军军官军衔条例 1994/5/12
3%
戒严法 1996/3/1
3%
献血法 1998/10/1
3%
公益事业捐赠法 1999/9/1
3%
海事诉讼特别程序法 2000/7/1
3%
现役军官法 2000/12/28
3%
引渡法 2000/12/28
3%
全民所有制工业企业法 2009/8/27
3%
可再生能源法 2010/4/1
3%
人民调解法 2011/1/1
3%
非物质文化遗产法 2011/6/1
3%
清洁生产促进法 2012/7/1
3%
政府采购法 2014/8/31
3%
就业促进法 2015/4/24
3%
拍卖法 2015/4/24
3%
促进科技成果转化法 2015/10/1
3%
深海海底区域资源勘探开发法 2016/5/1
3%
航道法 2016/9/1
3%
国防交通法 2017/1/1
3%
红十字会法 2017/5/8
3%
测绘法 2017/7/1
3%
招标投标法 2017/12/28
3%
标准化法 2018/1/1
3%
国家情报法 2018/4/27
3%
国际刑事司法协助法 2018/10/26
3%
防沙治沙法 2018/10/26
3%
农业机械化促进法 2018/10/26
3%
残疾人保障法 2018/10/26
3%
职业病防治法 2018/12/29
3%
环境影响评价法 2018/12/29
3%
预算法 2018/12/29
3%
老年人权益保障法 2018/12/29
3%
民办教育促进法 2018/12/29
3%
电子签名法 2019/4/23
3%
车辆购置税法 2019/7/1
3%
耕地占用税法 2019/9/1
3%
药品管理法 2019/12/1
3%
疫苗管理法 2019/12/1
3%
密码法 2020/1/1
3%
社区矫正法 2020/7/1
3%
出口管制法 2020/12/1
3%
反食品浪费法 2021/4/29
3%
军人地位和权益保障法 2021/8/1
3%
军事设施保护法 2021/8/1
3%
数据安全法 2021/9/1
3%
海上交通安全法 2021/9/1
3%
城市维护建设税法 2021/9/1
3%
个人信息保护法 2021/11/1
3%
湿地保护法 2022/6/1
3%
噪声污染防治法 2022/6/5
3%
反电信网络诈骗法 2022/12/1
3%
农产品质量安全法 2023/1/1
3%
预备役人员法 2023/3/1
3%
对外关系法 2023/7/1
3%
外国国家豁免法 2024/1/1
3%
生物安全法 2024/4/26
3%
农业技术推广法 2024/4/26
3%
国防教育法 2024/9/21
3%
国境卫生检疫法 2025/1/1
3%
农村集体经济组织法 2025/5/1
3%
领事特权与豁免条例 1990/10/30
0%
海岛保护法 2010/3/1
0%
石油天然气管道保护法 2010/10/1
0%
涉外民事关系法律适用法 2011/4/1
0%
行政强制法 2012/1/1
0%
特种设备安全法 2014/1/1
0%
资产评估法 2016/12/1
0%
中医药法 2017/7/1
0%
环境保护税法 2018/10/26
0%
循环经济促进法 2018/10/26
0%
资源税法 2020/9/1
0%
地方各级人民代表大会和地方各级人民政府组织法 2022/3/12
0%
职业教育法 2022/5/1
0%
黑土地保护法 2022/8/1
0%
无障碍环境建设法 2023/9/1
0%
粮食安全保障法 2024/6/1
0%
各级人民代表大会常务委员会监督法 2024/11/8
0%
No matching quizzes found
Score Distribution
Percent of People with Each Score
Percentile by Number Answered
Your Score History
You have not taken this quiz